The United Kingdom in 1980

Bewaard in:
Bibliografische gegevens
Formaat: Boek
Taal:Undetermined
Gepubliceerd in: London Associated Business Programmes 1974
Onderwerpen:
Tags: Voeg label toe
Geen labels, Wees de eerste die dit record labelt!
Thư viện lưu trữ: Trung tâm Học liệu Trường Đại học Cần Thơ
LEADER 00559nam a2200193Ia 4500
001 CTU_83384
008 210402s9999 xx 000 0 und d
082 |a 330.9 
082 |b U58 
245 4 |a The United Kingdom in 1980 
245 0 |c James Bellini ... [ et al. ] 
260 |a London 
260 |b Associated Business Programmes 
260 |c 1974 
650 |a Economic forecasting,Great Britain 
650 |x Economic policy 
650 |z Great Britain,1964-1979 
904 |i QHieu(sửa) 
980 |a Trung tâm Học liệu Trường Đại học Cần Thơ